An oration, delivered in the Independent or Congregational Church, Charleston : before the State Rights & Free Trade Party, the State Society of Cincinnati, the Revolution Society, the '76 Association, and several volunteer companies of militia; on the 4th of July, 1831, being the 55th anniversary of American independence /

Bibliographic Details
Main Author: Hayne, Robert Young, 1791-1839
Format: Microform Book
Language:English
Published: Charleston : A.E. Miller, 1831.
Subjects:

MARC

Tag First Indicator Second Indicator Subfields
LEADER 00000cam a2200000 a 4500
001 in00000096532
005 20150923174142.0
007 he bm| ba||
008 780118r1831 kyu b 00010 eng d
035 |a (OCoLC)03566441 
035 |9 AAK8660AM 
040 |a DLC  |c RRR  |d RRR  |d TXA  |d UtOrBLW 
049 |a TXAI 
082 0 |a 337.1 
099 |a fiche  |a C  |a 4356 
100 1 |a Hayne, Robert Young,  |d 1791-1839. 
245 1 3 |a An oration, delivered in the Independent or Congregational Church, Charleston :  |b before the State Rights & Free Trade Party, the State Society of Cincinnati, the Revolution Society, the '76 Association, and several volunteer companies of militia; on the 4th of July, 1831, being the 55th anniversary of American independence /  |c by the Hon. Robert Y. Hayne. 
264 1 |a Charleston :  |b A.E. Miller,  |c 1831. 
300 |a 47 pages ;  |c 21 cm. 
336 |a text  |b txt  |2 rdacontent 
337 |a microform  |b h  |2 rdamedia 
338 |a microfiche  |b he  |2 rdacarrier 
500 |a "Sabin : 31040." 
500 |a "Copied from the original in the Library of Congress." 
533 |a Microfiche.  |b Louisville, [Ky.] :  |c Lost Cause Press,  |d 1976.  |e 2 microfiches : negative ; 11 x 15 cm.  |f ([Bibliotheca Americana. Selected Americana. Microfiche ed. / J. Sabin]) (Fiche book) 
500 |a Microform. 
650 0 |a Free trade. 
650 0 |a States' rights (American politics) 
999 |a MARS 
999 f f |s bb96a11b-591c-37d8-b6ad-545d4d887b5f  |i dbca053a-b031-3ca4-b01a-196c8285e419  |t 0 
952 f f |p normal  |a Texas A&M University  |b College Station  |c Sterling C. Evans Library  |d Evans: Microforms (3rd floor)  |t 0  |e fiche C 4356  |h Other scheme  |i microform -- microfiche  |m A14821688501 
998 f f |a fiche C 4356  |t 0  |l Evans: Microforms (3rd floor)